000 00767nam a22002177a 4500
005 20110929165222.0
010 _aG-001627
020 _c500.00
_a9788189239848
035 1 d _aG-001627
037 _bGift
082 _a909
245 E _aA survey of world civilizations /
_cedited by Rajesh Kumar
260 _aNew Delhi
_bMurari Lal & Sons
_c2009
270 _a4378/4B, Ansari Road, Darya Ganj
_bNew Delhi
_e110002
300 _avi, 232p.
_c24cm(Hb)
500 _aIncludes index
700 _aRajesh Kumar
_9650
942 _2ddc
_cEN
_h909
_mSUR
999 _c57186
_d57186